The All England Law Reports. 2008 Vol 4 (Record no. 2125)

MARC details
000 -LEADER
fixed length control field 00582nam a22001697a 4500
005 - DATE AND TIME OF LATEST TRANSACTION
control field 20110921161215.0
008 - FIXED-LENGTH DATA ELEMENTS--GENERAL INFORMATION
fixed length control field 110520t xxu||||| |||| 00| 0 eng d
020 ## - INTERNATIONAL STANDARD BOOK NUMBER
International Standard Book Number 13:9781405728133
040 ## - CATALOGING SOURCE
Original cataloging agency LDC
082 ## - DEWEY DECIMAL CLASSIFICATION NUMBER
Classification number 348.42
245 ## - TITLE STATEMENT
Title The All England Law Reports. 2008 Vol 4
260 ## - PUBLICATION, DISTRIBUTION, ETC. (IMPRINT)
Place of publication, distribution, etc London
Name of publisher, distributor, etc LexisNexis
Date of publication, distribution, etc 2008
300 ## - PHYSICAL DESCRIPTION
Extent Vol
Dimensions 25cm
942 ## - ADDED ENTRY ELEMENTS (KOHA)
Source of classification or shelving scheme Dewey Decimal Classification
Item type Books
Holdings
Withdrawn status Lost status Source of classification or shelving scheme Damaged status Not for loan Home library Current library Shelving location Date acquired Total Checkouts Full call number Barcode Date last seen Price effective from Koha item type
    Dewey Decimal Classification     Law Development Centre Main Library Law Development Centre Main Library Law Reports 09/21/2011   348.42 2011/3212 09/21/2011 09/21/2011 Law Reports
    Dewey Decimal Classification     Law Development Centre Main Library Law Development Centre Main Library Law Reports 09/21/2011   348.42 2011/3213 09/21/2011 09/21/2011 Law Reports